LDR 00832naa#a2200193#i#450# 001 EN\\bibl\126442 005 20260630054442.2 011 ## _a2223-9987 100 ## _a20260629b2026####ek#y0engy0150####ca 102 ## _aRU 200 1# _aStatistical Analysis of Failures in the Traction Drive Systems of the Moscow Metro Electric Rolling Stock _eJournal article 210 1# _aSaint-Petersburg _cFSBEI HE "Emperor Alexander I St. Petersburg State Transport University" _d2026 215 ## _a11 с. 608 ## _aJournal article _2local 675 ## _aОсновные данные и технические характеристики подвижного состава. Испытания. 629.4.01 _z 700 #1 _aKul'kov _gAnatoliy Aleksandrovich 700 #1 _aNikonov _gDaniil Dmitrievich 700 #1 _aGryaznova _gElizaveta Leonidovna 856 4# _aatjournal.ru _u